Statistics for Female Athletes In History

Click here to take the quiz!

General Stats

  • This quiz has been taken 45 times
  • The average score is 5 of 15

Answer Stats

HintAnswer% Correct
Most acclaimed tennis star of this centurySerena Williams
93%
Sister of the aboveVenus Williams
86%
Tennis player who played in The Battle of the SexesBillie Jean King
79%
Gymnast with 32 Olympic and World Championship medalsSimone Biles
57%
Two time FIFA world cup champion, decorated American soccer iconMia Hamm
38%
American soccer striker on the National TeamAlex Morgan
36%
1960's world record holding sprinter born with polioWilma Rudolph
19%
Canadian soccer icon, captain of the Canadian Women's National teamChristine Sinclair
17%
American WBNA star who plays for the Mercury SunsDiana Taurasi
14%
Two time Olympic and nine time U.S Champion figure skaterMichelle Kwan
14%
Canadian swimmer who one 7 medals at the summer olympicsPenny Oleksiak
12%
Canadian golfer named who broke a world record at the 2015 LPGA ClassicBrook Henderson
10%
Ballerina who became the first African American dancer to be promoted to a principal dancer in American Ballet TheatreMisty Copeland
5%
Canadian alpine ski trailblazer who served as a member of Canadian senateNancy Greene
5%
First woman to swim the English channel, setting a long standing recordFlorence Chadwick
2%

Score Distribution

Percentile by Number Answered

Percent of People with Each Score

Your Score History

You have not taken this quiz